Le Probleme de la reference / (Record no. 6310)

MARC details
000 -LEADER
campo de control de longitud fija 00899nam a2200289 i 4500
001 - NÚMERO DE CONTROL
campo de control 6310
003 - IDENTIFICADOR DE NÚMERO DE CONTROL
campo de control ES-MaACL
005 - FECHA Y HORA DE LA ÚLTIMA TRANSACCIÓN
campo de control 20240823133038.0
007 - CAMPO FIJO DE DESCRIPCIÓN FÍSICA--INFORMACIÓN GENERAL
campo de control de longitud fija t|
008 - DATOS DE LONGITUD FIJA--INFORMACIÓN GENERAL
campo de control de longitud fija 890921s1974 fr ||||0| fre d
080 ## - NÚMERO DE LA CLASIFICACIÓN DECIMAL UNIVERSAL
Número de la Clasificación Decimal Universal 161.17
080 ## - NÚMERO DE LA CLASIFICACIÓN DECIMAL UNIVERSAL
Número de la Clasificación Decimal Universal 1 Russell
100 1# - ENTRADA PRINCIPAL--NOMBRE DE PERSONA
Nombre de persona Linsky, Leonard.
9 (RLIN) 72461
245 13 - MENCIÓN DEL TÍTULO
Título Le Probleme de la reference /
Mención de responsabilidad, etc. Leonard Linsky ; traduit de l'anglais par Suzanne Stern-Gillet, Philippe Devaux, Paul Gochet.
260 ## - PUBLICACIÓN, DISTRIBUCIÓN, ETC.
Lugar de publicación, distribución, etc. Paris :
Nombre del editor, distribuidor, etc. Seuil,
Fecha de publicación, distribución, etc. D.L. 1974.
300 ## - DESCRIPCIÓN FÍSICA
Extensión 185 p. ;
Dimensiones 21 cm.
490 1# - MENCIÓN DE SERIE
Mención de serie L'ordre philosophique
500 ## - NOTA GENERAL
Nota general Indice.
600 14 - PUNTO DE ACCESO ADICIONAL DE MATERIA--NOMBRE DE PERSONA
Nombre de persona Russell, Bertrand,
Fechas asociadas al nombre 1872-1970
9 (RLIN) 101033
700 1# - ENTRADA AGREGADA--NOMBRE PERSONAL
Nombre de persona Stern-Gillet, Suzanne.
9 (RLIN) 108131
700 1# - ENTRADA AGREGADA--NOMBRE PERSONAL
Nombre de persona Devaux, Philippe.
9 (RLIN) 43993
700 1# - ENTRADA AGREGADA--NOMBRE PERSONAL
Nombre de persona Gochet, Paul.
9 (RLIN) 57497
830 0# - PUNTO DE ACCESO ADICIONAL DE SERIE-TÍTULO UNIFORME
Título uniforme L'ordre philosophique
9 (RLIN) 177512
852 ## - LOCALIZACIÓN
Ubicación ES-MaACL
Número de control de estantería L-13433
Sublocalización o colección R.113559
942 ## - ELEMENTOS DE ENTRADA SECUNDARIOS (KOHA)
Fuente del sistema de clasificación o colocación Clasificación decimal universal
Holdings
Estatus retirado Estado de pérdida Estado de daño No para préstamo Biblioteca de origen Biblioteca actual Ubicación en estantería Fecha de adquisición Fuente de adquisición Total de préstamos Signatura topográfica completa Código de barras Visto por última vez Precio de reemplazo Tipo de ítem Koha
        Biblioteca del Ateneo de Madrid Biblioteca del Ateneo de Madrid Depósito 2 17/01/2008     L-13433 1006423 23/02/2023 23/02/2023 Libro impreso